000 00626cam a22001694a 4500
020 _a0851995845 (alk. paper)
040 _cDLC
082 0 0 _a333 ISA 2001 C153 Or.
245 0 0 _aNatural resources management in African agriculture :
_bunderstanding and improving current practices /
260 _aWallingford, UK ;
_aNew York :
_bCABI Pub. in association with the International Centre for Research in Agroforestry,
_cc2002
300 _axv, 335 p. :
_bill., maps ;
_c26 cm
650 0 _aAgricultural resources
700 1 _aBarrett, Christopher B.
700 1 _aPlace, Frank
700 1 _aAboud, Abdillahi A
942 _cAEDBB
999 _c19263
_d19263